Místopisná mapa království českého v měřítku 1:560 000 /

Hlavní autor: Brunclík, Josef, 1850-1929
Další autoři: Švíkal, Josef L., 1868-1945
Jazyk: Němčina
Čeština
Vydáno: V Mladé Boleslavi : Nákladem Jos. L. Švíkala, [1910?]
Vydání: 3. dopl. vyd.
Témata:
Externí odkaz: Digitalizovaný dokument
Fyzický popis: 1 mapa : barev. ; 53 x 67 cm, na listu 63 x 77 cm, složeno na 21 x 13 cm
Language note: Místopisné názvy česky a německy
Mapy
Uloženo v:
LEADER 01865nem a2200409 a 4500
001 000324185
003 CZ BrMZK
005 20141202091354.0
007 aj canzn
008 980105s1910 xr g a 0 cze d
034 1 |a a  |b 560000  |d E0115243  |e E0170100  |f N0510515  |g N0482911 
040 |a BOA001  |b cze 
041 0 |a cze  |a ger 
043 |a e-xr---  |b e-xr-cc  |2 czenas 
072 7 |a 316.3  |x Globální společnosti. Sociální struktura. Sociální skupiny  |2 Konspekt  |9 18 
072 7 |a 912  |x Mapy. Atlasy. Glóby  |2 Konspekt  |9 7 
080 |a 316.356.4  |2 MRF 
080 |a 316.3(437.31)  |2 MRF 
080 |a (084.3)  |2 MRF 
100 1 |a Brunclík, Josef,  |d 1850-1929  |7 jk01013316  |4 ctg 
245 1 0 |a Místopisná mapa království českého  |h [kartografický dokument] :  |b v měřítku 1:560 000 /  |c zpracoval J. Brunclík 
246 3 4 |a Podrobná místopisná mapa království českého v měřítku 1:560 000 : s národnostním ohraničením a označením vzdáleností v kilometrech 
250 |a 3. dopl. vyd. 
255 |a Měřítko 1:560 000  |c (011°52´43" v.d.--017°01´00" v.d./051°05´15" s.š.--048°29´11" s.š.) 
260 |a V Mladé Boleslavi :  |b Nákladem Jos. L. Švíkala,  |c [1910?] 
300 |a 1 mapa :  |b barev. ;  |c 53 x 67 cm, na listu 63 x 77 cm, složeno na 21 x 13 cm 
500 |a Datováno podle Roubík: Přehled map českých zemí. Díl I, s. 137. 
500 |a Obálka nalepena na rubu 
546 |a Místopisné názvy česky a německy 
650 0 7 |a národnosti  |7 ph123423  |2 czenas 
655 7 |a etnografické mapy  |7 fd186755  |2 czenas 
651 7 |a Čechy (Česko)  |7 ge135869  |2 czenas 
700 1 |a Švíkal, Josef L.,  |d 1868-1945  |7 jk01131954  |4 pbl 
856 4 1 |u http://www.digitalniknihovna.cz/mzk/uuid/uuid:4d0a3fcc-0248-4247-9895-7a88c9ea5e01  |y Digitalizovaný dokument 
910 |a BOA001  |b Skř.9A-0488.922 
990 |a MP 
991 |b 201401